000 00479nam a2200181Ia 4500
008 230524s9999 xx 000 0 und d
020 _a9788126543939
082 _bCAR
100 _aTony Chan Carusone
_942725
245 0 _aAnalog Integrated Circuit Design
250 _a1
260 _aNew Delhi
_bWilly India
_c2014
300 _a"XXII,783p;"
500 _aQuantity Number: 1
650 _aElectronics
700 _a" David Johns , Kenneth Martin"
_942726
942 _cBK
999 _c57710
_d57710